| 000 | 00634nam a22001337a 4500 | ||
|---|---|---|---|
| 040 | _cRUA | ||
| 082 | _aGRS KET 2017 B641 Or.1 | ||
| 100 | _aKET SOPHAL កេត សុផល | ||
| 245 | _acassava planting technique in meanrith commune sandan district kom pong thom province បចេ្ចទេសដំណាំដំឡូងមី នៅឃុំមានរិទ្ធ ស្រុកសណ្តាន់ ចេត្តកំពង់ធំ | ||
| 260 |
_aRUA _bPhnom penh _c2017 |
||
| 300 |
_axi;19p _bill; _c29cm |
||
| 856 | _uhttps://drive.google.com/file/d/1CcW52ymTHLJuikaY2dZAA3xG8cEtGwLu/view?usp=sharing | ||
| 942 | _cGRS | ||
| 999 |
_c18093 _d18093 |
||